Tropical flowering plants: A guide to identification and cultivation (Record no. 42658)

MARC details
000 -LEADER
fixed length control field 00354nam a2200121Ia 4500
020 ## - INTERNATIONAL STANDARD BOOK NUMBER
ISBN 0881925851
082 ## - DEWEY DECIMAL CLASSIFICATION NUMBER
Classification number 582.4(213)
Item number LLA
100 ## - MAIN ENTRY--AUTHOR NAME
Personal name LLams, Kirsten Albrecht
245 #0 - TITLE STATEMENT
Title Tropical flowering plants: A guide to identification and cultivation
260 ## - PUBLICATION, DISTRIBUTION, ETC. (IMPRINT)
Place of publication Oregon
Name of publisher Timber Press
Year of publication 2003
942 ## - ADDED ENTRY ELEMENTS (KOHA)
Koha item type Books
Holdings
Withdrawn status Lost status Damaged status Not for loan Home library Current library Date acquired Cost, normal purchase price Full call number Accession Number Koha item type
        RRII Library RRII Library 16/12/2021 69.95 582.4(213) LLA 22926 Books